000 00344nam a22001211a 4500
082 _aM3007 PAN PAR
_bGNP/P
100 _aG N Panicker
_982135
245 _aParappurath (study)/
_cby G N Panicker
260 _aKottayam:
_bSahitya Pravartaka Co-operative Society,
_c1983.
300 _a236p.
650 _aNovel Malayalam Study
_982136
942 _cBK
999 _c33477
_d33477